000 00309nam a22001337a 4500
003 OSt
005 20170105103447.0
008 131204t xxu||||| |||| 00| 0 eng d
020 _a81-7754-288-5
040 _cASAB
100 _aMohana Swamy
_9405
245 _aAgro's Dictionary of Dairy Science
942 _2ddc
_cBK
999 _c16677
_d16677